| 000 | 00430nam a2200181Ia 4500 | ||
|---|---|---|---|
| 003 | OSt | ||
| 005 | 20230405144805.0 | ||
| 008 | 210210b2005 xxu||||| |||| 00| 0 eng d | ||
| 040 |
_aAL _c |
||
| 082 | _a620/8 SINB | ||
| 100 |
_aSINGH (B D). _933038 |
||
| 245 | _aBiotechnology | ||
| 260 |
_aLudhiana _bKalyani Publishers _c2005 |
||
| 300 | _axlii,672 | ||
| 650 |
_aBiotechnology _933039 |
||
| 906 | _aSG04628 | ||
| 942 |
_2ddc _cSG |
||
| 999 |
_c115154 _d115154 |
||